Sociologie politique des problèmes publics : Grand Débat national (notice n° 2198728)

détails MARC
000 -LEADER
fixed length control field 01448cam a2200133 4500500
005 - DATE AND TIME OF LATEST TRANSACTION
control field 20260405085600.0
041 ## - LANGUAGE CODE
Language code of text/sound track or separate title fre
042 ## - AUTHENTICATION CODE
Authentication code dc
100 10 - MAIN ENTRY--PERSONAL NAME
Personal name Neveu, Érik
Relator term author
245 00 - TITLE STATEMENT
Title Sociologie politique des problèmes publics : Grand Débat national
260 ## - PUBLICATION, DISTRIBUTION, ETC.
Name of publisher, distributor, etc. Armand Colin,<br/>
Date of publication, distribution, etc. 2022.<br/>
520 ## - SUMMARY, ETC.
Summary, etc. Pourquoi certains problèmes suscitent-ils plus l’attention médiatique que d’autres ? Comment, à quel moment et pourquoi, un dossier ou un événement devient-il un "problème", dont on parle dans les débats sociaux, et que les politiques publiques décident de traiter ? Comment sont-ils définis ? Comment les mettre en récit pour qu’ils soient au diapason des sensibilités sociales ? Qui en sont les entrepreneurs (think tanks, haut-fonctionnaires, mouvements sociaux) ? Comment sont-ils relayés (ou non) par des politiques publiques ? Ce manuel, sans équivalent sur le marché, restitue dans un langage clair le cadre théorique du sujet et vient répondre à l'ensemble de ces questions.Assorti de nombreux exemples concrets ancrés dans l'actualité (passe sanitaire, retraites, réchauffement climatique) et d'outils théoriques, la nouvelle édition de cet ouvrage aide à penser comment s’alimentent nos conversations, les « Unes » des médias et l’agenda des politiques.
856 41 - ELECTRONIC LOCATION AND ACCESS
Uniform Resource Identifier <a href="https://shs.cairn.info/sociologie-politique-des-problemes-publics--9782200633301?lang=fr&redirect-ssocas=7080">https://shs.cairn.info/sociologie-politique-des-problemes-publics--9782200633301?lang=fr&redirect-ssocas=7080</a>

Pas d'exemplaire disponible.

PLUDOC

PLUDOC est la plateforme unique et centralisée de gestion des bibliothèques physiques et numériques de Guinée administré par le CEDUST. Elle est la plus grande base de données de ressources documentaires pour les Étudiants, Enseignants chercheurs et Chercheurs de Guinée.

Adresse

627 919 101/664 919 101

25 boulevard du commerce
Kaloum, Conakry, Guinée

Réseaux sociaux

Powered by Netsen Group @ 2025